000 00910nam0a22002531 4500
001 rc\3025424
005 20250806201511.0
035 _a(NLR Aleph) 007166878
090 _a24608
_c24608
100 _a20110929d1942 u y0rusy50 ca
101 0 _arus
102 _aRU
105 _aa z |||||
200 1 _aКак читать и строить чертежи
_eНачертат. геометрия в попул. изложении
_fА.И. Островский
210 _aМосква
_aЛенинград
_cГостехиздат
_d1942
_eМосква
215 _a112 с.
_cил., черт.
_d26 см
700 1 _aОстровский
_bА.И.
_gАлександр Исаакович
801 0 _aRU
_bNLR
_gpsbo
801 1 _aRU
_bELAR
_2rusmarc
852 _aNLR
_jМт02 Г-7/10
942 _cBOOK
945 _aРоссийская национальная библиотека
980 _aNB
980 _aBV